000 00883nam a2200289 i 4500
003 EG-GICUC
005 20260506091321.0
008 260126s1928 us ||fr|||| 001 0 eng d
040 _aEG-GiCUC
_beng
_cEG-GiCUC
_dEG-GiCUC
_eRda
041 0 _aeng
082 0 4 _221
_a341.22
_bEL
092 0 4 _221
099 _aLaw1 11 341.22 EL 1928
245 0 0 _aEighth Yearbook Of The League Of Nations.
_bVolume 11
264 0 _aBoston :
_bWorld Peace Foundation Pamphlets ,
_c1928.
300 _a188 page ;
_c 24 cm.
336 _2rda contenu
_a texte
337 _2rda medias
_aOrdinateur
338 _2 transporteur rda
_a Ressource en ligne
500 _aIncluding Index
546 _aText in English
650 1 4 _aInternational Public
650 1 4 _a League Of Nations
856 4 0 _uhttps://fll.law.cu.edu.eg/fulltext/bks/B11-05430.pdf
905 _a72
942 _2ddc
_cBK
_e21
_n0
999 _c59470
_d59470